000
00257nam a2200109Ia 4500
008
220204s9999 xx 000 0 und d
082
_a
82-3
_b
HIG
100
_a
Higgins, Jack
245
4
_a
The Keys of hell
260
_a
Greenwich
_b
Fawcett
_c
1965
942
_c
BK
999
_c
33431
_d
33431